| 000 | 00779nam a2200205Ia 4500 | ||
|---|---|---|---|
| 999 |
_c50071 _d50071 |
||
| 001 | 17009 | ||
| 003 | GE_BSU | ||
| 005 | 20240612123545.0 | ||
| 008 | 181216s1955||||ge |||||||||||||| ||geo|| | ||
| 040 | _cGE_BSU | ||
| 041 | _ageo | ||
| 080 | _a821-1 ბ-56 | ||
| 100 |
_aბერულავა, ხუტა _93945 |
||
| 245 |
_aრჩეული თარგმანები / _c ხუტა ბერულავა; რედ. რ. ორჯონიკიძე. |
||
| 264 |
_aთბილისი : _bსაბჭოთა მწერალი, _c1955. |
||
| 300 |
_a132 გვ. ; _b17 სმ. |
||
| 653 | _aრჩეული თარგმანები | ||
| 700 |
_aორჯონიკიძე, რ. _eრედაქტორი _922407 |
||
| 942 |
_cBK _2udc |
||